Statistics for Muse Lyrics #1

Click here to take the quiz!

General Stats

  • This quiz has been taken 468 times
  • The average score is 81 of 203

Answer Stats

Answer% Correct
a
94%
A
94%
I
94%
I,
94%
the
86%
you?
85%
you
85%
me,
72%
me
72%
We
64%
we
64%
to
63%
is
61%
Are
58%
are
58%
And
54%
and
54%
Can
54%
in
54%
no.
54%
or
54%
on
51%
will
49%
your
48%
Have
46%
have
46%
show
45%
The 2nd Law
43%
What
42%
of
40%
our
39%
up,
37%
up
37%
up?
37%
us.
37%
Don't
36%
Hear
34%
not
34%
can't
33%
just
32%
Feel
31%
need
31%
let
30%
way.
30%
way
30%
big
29%
this
29%
freeze
28%
give
27%
I'm
27%
here
26%
because
25%
but
25%
heart
25%
out
25%
We're
24%
found
22%
won't
22%
you're
22%
same,
21%
still
21%
sun
21%
Fight,
20%
from
20%
heading
20%
hope,
19%
leave
18%
decay.
17%
lost
17%
nowhere.
17%
words
17%
before
16%
convey.
16%
convey
16%
escape?
16%
Healed,
16%
collapsing
15%
fine?
15%
hearts
15%
hearts.
15%
mercy?
15%
Stop
15%
clouds
14%
reeling?
14%
beautiful.
13%
dreams
13%
gas.
13%
hiding
13%
hole
13%
magic
13%
ride
13%
something
13%
started.
13%
faith,
12%
king
12%
prove
12%
stellar
12%
storm?
12%
destroyed
11%
electrical
11%
truths
11%
universe.
11%
force
10%
becoming
9%
expelled
8%
goodness
8%
winning?
8%
loneliest
7%

Score Distribution

Percentile by Number Answered

Percent of People with Each Score

Your Score History

You have not taken this quiz